<?xml version="1.0" encoding="UTF-8"?>
<marc:record xmlns:marc="http://www.loc.gov/MARC21/slim">
   <marc:leader>00000nam a2200000 a 4500</marc:leader>
   <marc:datafield ind1="1" ind2=" " tag="100">
      <marc:subfield code="a">Brown, Benjamin I.</marc:subfield>
      <marc:subfield code="4">aut</marc:subfield>
      <marc:subfield code="e">Verfasser/-in</marc:subfield>
   </marc:datafield>
   <marc:datafield ind1="1" ind2=" " tag="100">
      <marc:subfield code="a">Rahn-Huber, Ulla</marc:subfield>
      <marc:subfield code="4">trl</marc:subfield>
      <marc:subfield code="e">Übersetzer/-in</marc:subfield>
   </marc:datafield>
   <marc:datafield ind1=" " ind2=" " tag="653">
      <marc:subfield code="a">Erkrankungen und Biologie der Verdauungsorgane</marc:subfield>
   </marc:datafield>
   <marc:datafield ind1="0" ind2="0" tag="245">
      <marc:subfield code="a">Der reizende Darm</marc:subfield>
   </marc:datafield>
   <marc:datafield ind1="0" ind2="0" tag="245">
      <marc:subfield code="b">Ihr individueller 5-Schritte-Plan zur gesunden Verdauung</marc:subfield>
   </marc:datafield>
   <marc:datafield ind1="0" ind2="0" tag="245">
      <marc:subfield code="c">Benjamin I. Brown. M.e. Vorw. v. Dr.med. Adrian Schulte. A.d. Engl.v. Ulla Rahn-Huber</marc:subfield>
   </marc:datafield>
   <marc:datafield ind1=" " ind2="1" tag="264">
      <marc:subfield code="a">München</marc:subfield>
      <marc:subfield code="b">Scorpio</marc:subfield>
      <marc:subfield code="c">2017</marc:subfield>
   </marc:datafield>
   <marc:datafield ind1="1" ind2=" " tag="520">
      <marc:subfield code="a">Benjamin Brown räumt mit dem Mythos auf, Verdauungsprobleme ließen sich medizinisch meist nicht erklären. Auf der Grundlage der neuesten wissenschaftlichen Erkenntnisse und mit einem individuell anpassbaren Fünf-Schritte-Plan zeigt er dem Leser geprüfte, sichere Wege auf, um die Darmgesundheit wieder herzustellen und damit die eigene Lebensqualität nachhaltig zu verbessern.</marc:subfield>
   </marc:datafield>
   <marc:datafield ind1=" " ind2=" " tag="020">
      <marc:subfield code="a">9783958030916</marc:subfield>
      <marc:subfield code="9">9783958030916</marc:subfield>
   </marc:datafield>
   <marc:datafield ind1=" " ind2=" " tag="020">
      <marc:subfield code="a">3958030912</marc:subfield>
      <marc:subfield code="9">3958030912</marc:subfield>
   </marc:datafield>
   <marc:datafield ind1=" " ind2=" " tag="300">
      <marc:subfield code="a">252 S.: Tab.</marc:subfield>
   </marc:datafield>
</marc:record>
